LA CIVILTÀ CATTOLICA. ANNO XCII. VOL. 1. 1941. (Record n. 330197)

Dettagli MARC
000 -LEADER
fixed length control field 01670nas a2200277Ia 4500
001 - CONTROL NUMBER
control field R050-S1598
003 - CONTROL NUMBER IDENTIFIER
control field IT-CnALBA
008 - FIXED-LENGTH DATA ELEMENTS--GENERAL INFORMATION
fixed length control field 170116c99999999xx |||||||||||| ||und||
040 ## - CATALOGING SOURCE
Original cataloging agency IT-CnALBA
Transcribing agency IT-CnALBA
041 ## - LANGUAGE CODE
Language code of text/sound track or separate title ITALIANO
999 ## - SYSTEM CONTROL NUMBERS (KOHA)
Koha Dewey Subclass [OBSOLETE] SI
100 ## - MAIN ENTRY--PERSONAL NAME
Personal name PIO XII, PAPA PACELLI EUGENIO.
210 ## - ABBREVIATED TITLE
Abbreviated title LA CIVILTÀ CATTOLICA
222 ## - KEY TITLE
Key title LA CIVILTÀ CATTOLICA
245 #0 - TITLE STATEMENT
Title LA CIVILTÀ CATTOLICA. ANNO XCII. VOL. 1. 1941.
Remainder of title RIVISTA CULTURALE
250 ## - EDITION STATEMENT
Edition statement 1a ed.
260 ## - PUBLICATION, DISTRIBUTION, ETC. (IMPRINT)
Place of publication, distribution, etc. ROMA
Name of publisher, distributor, etc. LA CIVILTÀ CATTOLICA EDIZIONI
Date of publication, distribution, etc. 1941 [1° Ed.:1941 - Ed.Ling.Originale: 1941]
300 ## - PHYSICAL DESCRIPTION
Extent 488 p.
310 ## - CURRENT PUBLICATION FREQUENCY
Current publication frequency QUINDICINALE
362 ## - DATES OF PUBLICATION AND/OR SEQUENTIAL DESIGNATION
Dates of publication and/or sequential designation Fascicolo: 1 / Anno: 92 (1941)
500 ## - GENERAL NOTE
General note ALLOCUZIONE DEL S. PADRE AI CARDINALI E PRELATURA ROMANA. ASSISTENZA SPIRITUALE ALLE FORZE ARMATE IN ITALIA. LA FAMIGLIA CRISTIANA, BRUCCULERI A. ORIO VERGANI, MONDRONE D. NELLA COSCIENZA DI CARABELLESE. R. LOMBARDI. I GIOVANI E LA CULTURA RELIGIOSA, ODDONE A. LE RAPPRESAGLIE NELLE DOTTRINE DEGLI ANTICHI, MESSINEO A. CONFERENZA E LIBRO SULL'EDUCAZIONE COMUNISTA. RAPPRESAGLIE IN TEMPO DI PACE.
501 ## - WITH NOTE
With note Società San Paolo EM - Piazza San Paolo, 14 - 12051 ALBA (CN) (non commercial uses only) ® Copyright 2017
520 ## - SUMMARY, ETC.
Summary, etc. ALLOCUZIONE DEL S. PADRE AI CARDINALI E PRELATURA ROMANA. ASSISTENZA SPIRITUALE ALLE FORZE ARMATE IN ITALIA. LA FAMIGLIA CRISTIANA, BRUCCULERI A. ORIO VERGANI, MONDRONE D. NELLA COSCIENZA DI CARABELLESE. R. LOMBARDI. I GIOVANI E LA CULTURA RELIGIOSA, ODDONE A. LE RAPPRESAGLIE NELLE DOTTRINE DEGLI ANTICHI, MESSINEO A. CONFERENZA E LIBRO SULL'EDUCAZIONE COMUNISTA. RAPPRESAGLIE IN TEMPO DI PACE.
650 ## - SUBJECT ADDED ENTRY--TOPICAL TERM
Topical term or geographic name as entry element RIVISTA CULTURALE
942 ## - ADDED ENTRY ELEMENTS (KOHA)
Koha item type RIVISTA
957 ## -
-- 1
999 ## - SYSTEM CONTROL NUMBERS (KOHA)
-- 1
Dati di copia
Withdrawn status Lost status Damaged status Not for loan Home library Current library Date acquired Total Checkouts Full call number Date last seen Price effective from Koha item type Public note
    Buone Condizioni Not For Loan ALBA - Biblioteca ALBA - Biblioteca 16/01/2017   R050-S1598 16/01/2017 16/01/2017 RIVISTA (data import: 16 gennaio 2017) - By Epidotti, Vaglietti.
CREDITS: SOCIETA' SAN PAOLO Via A.Severo, 58 - ROMA (RM) & PERIODICI SAN PAOLO SRL Via Giotto, 36 MILANO & CISF Via Giotto, 36 MILANO & EDIZIONI SAN PAOLO SRL,  Piazza Soncino, 5 CINISELLO BALSAMO (MI) -- ITALY